000 00591nam a2200193Ia 4500
005 20260114185711.0
008 008 260114s9999 xx 000 0 eng d
020 _a9781350048911
037 _aEBOOK
040 _aCRL
_beng
_cCRL
041 _aeng
_2eng
084 _qCRL
100 _aJudy Giles
_9873314
245 4 _aThe Parlour and the Suburb Domestic Identities, Class, Femininity and Modernity
260 _bBloomsbury
_c2004
856 _uhttps://doi.org/10.5040/9781350048911?locatt=label:secondary_bloomsburyCollections
942 _cEBOOK
999 _c1472262
_d1472262